Logo BPK

Biblioteka

Politechniki Koszalińskiej

Teaching and learning grammar / (Rekord nr 4709)

Szczegóły MARC
000 -ETYKIETA REKORDU
podpole kontrolne o stałej długości 00306nam a2200133 i 4500
001 - NUMER KONTROLNY REKORDU
pole kontrolne bg
040 ## - ŹRÓDŁO KATALOGOWANIA
Instytucja, która utworzyła rekord BPK
041 ## - KOD JĘZYKA
Kod języka tekstu pol
008 - POLE O STAŁEJ DŁUGOŚCI - DANE KONTROLNE
podpole kontrolne o stałej długości s pl f |000 0 pol
100 1# - NAZWA OSOBOWA
Nazwa osobowa HARMER, Jeremy
245 #0 - TYTUŁ/ODPOWIEDZIALNOŚĆ
Tytuł Teaching and learning grammar /
Pozostałe elementy strefy tytułu i oznaczenia odpowiedzialności Jeremy Harmer.
260 ## - STREFA ADRESU WYDAWNICZEGO
Miejsce wydania London,
Data publikacji, dystrybucji/powstania dokumentu 1989.
856 ## - LOKALIZACJA I DOSTĘP DO ELEKTRONICZNYCH DOKUMENTÓW ZDALNYCH
Link (URL) http://koha.tu.koszalin.pl/cgi-bin/koha/opac-detail.pl?biblionumber=4709
Tekst linku Katalog online BPK
942 ## - DODATKOWE ELEMENTY (KOHA)
Typ dokumentu Książka
Egzemplarze
Wycofany Status egzemplarza Uszkodzony Dostępność Lokalizacja stała Lokalizacja bieżąca Numer ubytku Sygnatura Kod kreskowy Typ dokumentu Miejsce przechowywania
  Egz. niedostępny   Niedostępny Biblioteka Politechniki Koszalińskiej Biblioteka Politechniki Koszalińskiej p20637 P 41907 01429107 Książka  
      Dostępny Biblioteka Politechniki Koszalińskiej Biblioteka Politechniki Koszalińskiej   P 41908 01929416 Książka Wypożyczalnia BG
© 2023 Biblioteka Politechniki Koszalińskiej :: KOHA